Nihon Kenpō no kihon shugi / (Record no. 35007)

MARC details
000 -LEADER
fixed length control field 00993cam a22002894a 4500
001 - CONTROL NUMBER
control field j 65001483
003 - CONTROL NUMBER IDENTIFIER
control field DLC
005 - DATE AND TIME OF LATEST TRANSACTION
control field 20260227111520.0
008 - FIXED-LENGTH DATA ELEMENTS--GENERAL INFORMATION
fixed length control field 100702s1935 ja 000 0 jpn
010 ## - LIBRARY OF CONGRESS CONTROL NUMBER
LC control number j 65001483
040 ## - CATALOGING SOURCE
Original cataloging agency DLC
Transcribing agency DLC
Modifying agency DLC
043 ## - GEOGRAPHIC AREA CODE
Geographic area code a-ja---
050 00 - LIBRARY OF CONGRESS CALL NUMBER
Classification number KNX2070
Item number .M56247 1935
066 ## - CHARACTER SETS PRESENT
Alternate G0 or G1 character set $1
100 1# - MAIN ENTRY--PERSONAL NAME
Linkage 880-01
Personal name Minobe, Tatsukichi,
Dates associated with a name 1873-1948.
245 10 - TITLE STATEMENT
Linkage 880-02
Title Nihon Kenpō no kihon shugi /
Statement of responsibility, etc. Minobe Tatsukichi cho.
240 10 - UNIFORM TITLE
Linkage 880-03
Uniform title 3-han.
260 ## - PUBLICATION, DISTRIBUTION, ETC.
Linkage 880-04
Place of publication, distribution, etc. Tōkyō :
Name of publisher, distributor, etc. Nihon Hyōronsha,
Date of publication, distribution, etc. Shōwa 10 [1935]
300 ## - PHYSICAL DESCRIPTION
Extent 4, 4, 206 p. ;
Dimensions 23 cm.
490 0# - SERIES STATEMENT
Linkage 880-05
Series statement Minobe Tatsukichi ronbunshū ;
Volume/sequential designation dai 1-kan
650 #0 - SUBJECT ADDED ENTRY--TOPICAL TERM
Topical term or geographic name entry element Constitutional law
Geographic subdivision Japan.
880 1# - ALTERNATE GRAPHIC REPRESENTATION
Linkage 100-01
a 美濃部達吉,
d 1873-1948.
880 10 - ALTERNATE GRAPHIC REPRESENTATION
Linkage 245-02
a 日本憲法の基本主義 /
c 美濃部達吉著.
880 10 - ALTERNATE GRAPHIC REPRESENTATION
Linkage 240-03/$1
a 3版 .
880 ## - ALTERNATE GRAPHIC REPRESENTATION
Linkage 260-04
a 東京 :
b 日本評論社,
c 昭和10 [1935]
880 0# - ALTERNATE GRAPHIC REPRESENTATION
Linkage 490-05
a 美濃部達吉論文集 ;
v 第 1卷

No items available.

Powered by Koha